• 首页
  • 本馆介绍
  • 公告通知
  • 最新文献
  • 馆藏检索
  • 电子资源
  • 读者导购
  • 参考咨询
  • 我的图书馆
  • 登录
  • 详细信息显示
  • 放入我的书架
  • 预约/预借图书
  • 作者相关作品
  • 分类相关作品
  • 丛书相关作品
  • 出版社相关作品

书目信息

  • 表格格式
  • 工作单格式
  • 卡片格式
题名:
钜宋广韵
    
 
作者: 陈彭年 撰
分册:  
出版信息: 上海   上海古籍出版社  1983
页数: 442页
开本: 21cm
丛书名:
单 册:
中图分类: H113.3
科图分类:
主题词:
电子资源:
ISBN:
000 00633nam0 2200241 45
001 0183010947
005 20050419145746.6
010    @dCNY2.70@b精装
091    @a9186.19
100    @a19950627d1983 em y0chiy0121 ea
101 0  @achi
102    @aCN@b310000
105    @ay z 000yy
200 10 @a钜宋广韵@Aju song guang yun@f(宋)陈彭年撰@F(Song)Chen Peng Nian Zhuan
205    @b影印本
210    @a上海@c上海古籍出版社@d1983
215    @a442页@d21cm
605    @a《广韵》
690    @aH113.3@v3
701  0 @a陈彭年@4撰
801  0 @aCN@b上海图书馆@c20040422
801  2 @aCN@bNLC@c20040422
905    @dH113.3@e21@f1@b119744
    
    钜宋广韵/(宋)陈彭年撰.-影印本.-上海:上海古籍出版社,1983
    442页;21cm
    
    
    ISBN (精装):CNY2.70
    
●
相关链接 在E读中查询图书 在五车中查询图书 在当当中查询图书 在豆瓣中查询图书


正题名:钜宋广韵     索取号:H113.3/21         预约/预借

序号 登录号 条形码 馆藏地/架位号 状态 备注
1 0119743   001567209   密集书库/ [索取号:H113.3/21] 在馆    
2 0119744   000831032   工具书阅览室/ [索取号:H113.3/21] 在馆    
3 0218640   000831023   第四借阅区/ [索取号:H113.3/21] 在馆    
唐山师范学院图书馆 欢迎您!
大连网信软件有限公司© 版权所有